Compression algorithms for real programmers

Saved in:
Bibliographic Details
Main Author: Wayner, Peter
Format: Book
Language:English
Published: San Diego : Morgan Kaufmann, c2000
Subjects:
Tags: Add Tag
No Tags, Be the first to tag this record!

MARC

LEADER 00000cam a2200000 i 4500
001 1/17775
008 010302s2000 eng d
020 |a 0-12-788774-1 
035 |l 10066257 
040 |a GR-MY-UA  |b gre  |e aacr 
041 0 |a eng 
082 0 |a 005.746 
100 0 |a Wayner, Peter. 
245 1 0 |a Compression algorithms for real programmers /  |c Peter Wayner 
260 |a San Diego :   |b Morgan Kaufmann,   |c c2000 
300 |a xi, 240 p. 
504 |a Includes bibliography and index 
650 0 0 |a Data compression (Computer science) 
650 0 0 |a Computer algorithms. 
650 0 0 |a Real-time programming. 
852 |a INST  |b CHIOS  |e 20010302  |h 005.746 WAY  |p 005200016913  |q 005200016913  |t BK  |y 0 
901 |a BIBL2-2001-1 
909 |a Χ  |b 076231 
970 |a ΣΠΕΝΤΖΑ  |b ΕΛΕΝΗ  |z 2001/03/02